Ülkemizde atık yönetimi idaresine ilişkin düzenlemeler ve kazançlı çevre idaresi / (Record no. 160267)
[ view plain ]
| 000 -LEADER | |
|---|---|
| fixed length control field | 00813 a2200265 4500 |
| 001 - CONTROL NUMBER | |
| control field | 160267 |
| 003 - CONTROL NUMBER IDENTIFIER | |
| control field | TR-AnTOB |
| 005 - DATE AND TIME OF LATEST TRANSACTION | |
| control field | 20231129162551.0 |
| 008 - FIXED-LENGTH DATA ELEMENTS--GENERAL INFORMATION | |
| fixed length control field | 120724s2007 tu 000 0 |
| 020 ## - INTERNATIONAL STANDARD BOOK NUMBER | |
| International Standard Book Number | 9789944601702 |
| 040 ## - CATALOGING SOURCE | |
| Original cataloging agency | TR-AnTOB |
| Language of cataloging | eng |
| Transcribing agency | TR-AnTOB |
| Description conventions | rda |
| 041 ## - LANGUAGE CODE | |
| Language code of text/sound track or separate title | Türkçe |
| 050 #0 - LIBRARY OF CONGRESS CALL NUMBER | |
| Classification number | HD9975 |
| Item number | .Ü448 2006 |
| 090 ## - LOCALLY ASSIGNED LC-TYPE CALL NUMBER (OCLC); LOCAL CALL NUMBER (RLIN) | |
| Classification number (OCLC) (R) ; Classification number, CALL (RLIN) (NR) | HD9975 .Ü448 2006 |
| 245 10 - TITLE STATEMENT | |
| Title | Ülkemizde atık yönetimi idaresine ilişkin düzenlemeler ve kazançlı çevre idaresi / |
| Statement of responsibility, etc. | İstanbul Ticaret Odası. |
| 264 #1 - PRODUCTION, PUBLICATION, DISTRIBUTION, MANUFACTURE, AND COPYRIGHT NOTICE | |
| Place of production, publication, distribution, manufacture | İstanbul: |
| Name of producer, publisher, distributor, manufacturer | İstanbul Ticaret Odası, |
| Date of production, publication, distribution, manufacture, or copyright notice | 2007. |
| 300 ## - PHYSICAL DESCRIPTION | |
| Extent | 78 p.: |
| Other physical details | tabl.; |
| Dimensions | 23 cm. |
| 490 0# - SERIES STATEMENT | |
| Series statement | İstanbul Ticaret Odası Yayın No: |
| Volume/sequential designation | 2007-28. |
| 650 #0 - SUBJECT ADDED ENTRY--TOPICAL TERM | |
| Topical term or geographic name entry element | Atık ve atık boşaltımı |
| Geographic subdivision | Türkiye |
| 9 (RLIN) | 86859 |
| 902 ## - LOCAL DATA ELEMENT B, LDB (RLIN) | |
| a | T000792 |
| 903 ## - LOCAL DATA ELEMENT C, LDC (RLIN) | |
| a | TOBB Özel Koleksiyonu |
| 942 ## - ADDED ENTRY ELEMENTS (KOHA) | |
| Koha item type | Book |
| Source of classification or shelving scheme | Library of Congress Classification |
| 945 ## - LOCAL PROCESSING INFORMATION (OCLC) | |
| a | MÇ, KNTRL |
| Withdrawn status | Lost status | Source of classification or shelving scheme | Materials specified (bound volume or other part) | Not for loan | Collection code | Home library | Current library | Shelving location | Date acquired | Source of acquisition | Cost, normal purchase price | Serial Enumeration / chronology | Total Checkouts | Total Holds | Full call number | Barcode | Copy number | Cost, replacement price | Date shelved | Koha item type |
|---|---|---|---|---|---|---|---|---|---|---|---|---|---|---|---|---|---|---|---|---|
| c.1 | Ödünç Verilebilir / Available | Genel Koleksiyon | Merkez Kütüphane | Merkez Kütüphane | Genel Koleksiyon / Main Collection | 11/12/2008 | Bağış / Donation | 0.01 | 1 | HD9975 .Ü448 2006 | T000792 | 1 | 0.00 | 21/04/2010 | Book |
